| 000 | 08171cgm a2201477Ia 4500 | ||
|---|---|---|---|
| 001 | ocn154042142 | ||
| 003 | OCoLC | ||
| 005 | 20251124111048.0 | ||
| 007 | vd mvaizk | ||
| 008 | 070709s2007 xxu840 g vleng d | ||
| 020 | _a141572749X | ||
| 020 | _a9781415727492 | ||
| 020 | _a9781608839445 | ||
| 020 | _a1608839443 | ||
| 020 | _a9786311312308 | ||
| 020 | _a6311312301 | ||
| 024 | 1 | 0 | _a841887052153 |
| 024 | 1 | _a841887019477 | |
| 024 | 1 | 0 | _a841887052122 |
| 024 | 7 |
_a00841887019477 _2gtin-14 |
|
| 024 | 1 | 0 | _a978-1-41572749-2 |
| 028 | 4 | 2 |
_a705212 _bPBS Home Video |
| 028 | 4 | 2 |
_aTWAR620 _bPBS Home Video |
| 029 | 1 |
_aAU@ _b000042397499 |
|
| 029 | 1 |
_aAU@ _b000055125548 |
|
| 029 | 1 |
_aNZ1 _b11675814 |
|
| 029 | 1 |
_aNZ1 _b13983753 |
|
| 029 | 1 |
_aNZ1 _b15418597 |
|
| 033 | 0 | 1 | _a2007---- |
| 035 |
_a(OCoLC)154042142 _z(OCoLC)179602835 _z(OCoLC)183327301 _z(OCoLC)183916234 _z(OCoLC)191212844 _z(OCoLC)191866953 _z(OCoLC)193998140 _z(OCoLC)871012011 _z(OCoLC)965599103 _z(OCoLC)968391711 _z(OCoLC)970765202 _z(OCoLC)971963151 _z(OCoLC)972711177 _z(OCoLC)978356440 _z(OCoLC)978828983 _z(OCoLC)990713596 _z(OCoLC)1002007400 _z(OCoLC)1002084981 _z(OCoLC)1002087114 _z(OCoLC)1002097265 _z(OCoLC)1002347105 _z(OCoLC)1002882236 _z(OCoLC)1003647350 _z(OCoLC)1010997478 _z(OCoLC)1012007458 _z(OCoLC)1014350972 _z(OCoLC)1020439402 _z(OCoLC)1023765955 _z(OCoLC)1029432818 _z(OCoLC)1031551003 _z(OCoLC)1038245307 _z(OCoLC)1038246866 _z(OCoLC)1049116473 _z(OCoLC)1052702643 _z(OCoLC)1054377748 _z(OCoLC)1082459458 _z(OCoLC)1084283584 _z(OCoLC)1098384804 _z(OCoLC)1117345331 _z(OCoLC)1134149244 _z(OCoLC)1142334453 _z(OCoLC)1144613273 _z(OCoLC)1251727207 |
||
| 037 |
_bMidwest Tape _nhttp://www.midwesttapes.com |
||
| 040 |
_aTEFMT _beng _cTEFMT _dRCS _dIF9 _dILC _dJED _dMR0 _dTEF _dRCS _dOCLCQ _dQJC _dOCLCQ _dWAU _dOCLCQ _dH4N _dWCM _dLRU _dNRM _dUMC _dBTCTA _dKZV _dUIU _dOCLCA _dOCLCQ _dBDX _dZCU _dVLR _dOCLCO _dP4I _dOCLCA _dOCLCO _dOVY _dOCLCO _dWVU _dOCLCO _dPWS _dOCLCO _dCUS _dOCLCQ _dNRS _dOCLCO _dOCLCQ _dOCLCO _dDML _dT2S _dCHY _dOCLCO _dMWM _dXFF _dOCLCQ _dOCLCO _dOCLCF _dACNLC _dNTF _dPAU _dJTQ _dTEFMT _dT7F _dOKS _dVBO _dOCLCA _dOCLCQ _dOCLCO _dULY _dOCL _dOCLCA _dO2C _dOCLCQ _dTYC _dOCLCA _dOCLCQ _dKI2 _dWNL _dOCLCO _dGZN _dCPO _dWLU _dOCLCO _dROB _dCBA _dCSO _dOCLCO _dWUX _dOCLCO _dLMJ _dOCLCO _dJSV _dJX5 _dOCLCO _dNJT _dOCLCO _dOCL _dNIU _dMIR _dOCL _dGK8 _dKGT _dAW3 _dLTP _dALV _dOKN _dIAT _dOCLCO _dCUS _dWACOL _erda |
||
| 041 | 1 |
_aeng _heng |
|
| 043 |
_an-us-ct _an-us-al _an-us-ca _an-us-mn |
||
| 049 | _aWACL | ||
| 050 | 1 | 4 |
_aD811.5 _b.W37 2007 |
| 082 | 0 | 4 |
_a940.54/28 _222 |
| 092 |
_a940.54 _bWar |
||
| 130 | 0 |
_aWar (Television program : 2007) _956145 |
|
| 245 | 1 | 4 | _aThe war / |
| 246 | 1 |
_iSubtitle on container: _aIn extraordinary times, there are no ordinary lives, 1941-1945 |
|
| 257 | _aUnited States | ||
| 260 |
_a[United States] : _bPBS Home Video ; _aHollywood, Calif. : _bParamount Home Entertainment [distributor], _c[2007] |
||
| 264 |
_aPBS Home Video ; _bAmerican Lives II Film Project, LLC. ; a production of Florentine Films and WETA Washington D.C. ; produced by Sarah Botstein ; written by Geoffrey C. Ward ; directed and produced by Ken Burns and Lynn Novick. _c2007 |
||
| 300 |
_a6 videodiscs (840 min.) : _bsound, color and black and white ; _c4 3/4 in. |
||
| 336 | _atwo-dimensional moving image | ||
| 337 | _avideo | ||
| 338 | _avideodisc | ||
| 340 | _aplastic | ||
| 340 | _b4 3/4 in. | ||
| 500 | _aA seven-episode series. | ||
| 500 | _aSpecial features: Disc 1: "Making The war" featurette; commentary by Ken Burns and Lynn Novick; photo gallery; biographies; educational resources ; Disc 3: Commentary by Ken Burns and Lynn Novick ; Disc 6: Exclusive deleted scenes; additional interviews; educational resources. | ||
| 505 | 0 | 0 |
_gDisc 1. _tNecessary war -- _gdisc 2. _tWhen things get tough ; _tDeadly calling -- _gdisc 3. _tPride of our nation -- _gdisc 4. _tFubar -- _gdisc 5. _tGhost front -- _gdisc 6. _tWorld without war. |
| 506 | _aFor private home use only. | ||
| 508 | _aCinematography, Buddy Squires ; editors, Paul Barnes, Erik Ewers, Tricia Reidy ; original music, Wynton Marsalis. | ||
| 511 | 0 | _aNarrated by Keith David, with Tom Hanks, Josh Lucas, Bobby Cannavale, Samuel L. Jackson, Eli Wallach, Adam Arkin, Kevin Conway, Rebecca Holtz, Carolyn McCormick, Robert Wahlberg. | |
| 518 | _aOriginally broadcast by PBS in 2007. | ||
| 520 | _aTells the story of ordinary people in four quintessentially American towns - Waterbury, Connecticut; Mobile, Alabama; Sacramento, California; and Luverne, Minnesota - and examines the ways in which the Second World War touched the lives of every family on every street in every town in America. | ||
| 521 | 8 | _aTV-14; disturbing content, violence. | |
| 521 |
_aDVD _bMicroMarketing |
||
| 538 | _aDVD, region 1, widescreen (16:9, enhanced) presentation; Dolby Digital 2.0 stereo. surround, Dolby Digital 5.1 surround, NTSC. | ||
| 546 | _aClosed-captioned. | ||
| 648 | 7 |
_a1933-1945 _2fast _95791365 |
|
| 650 | 0 |
_aWorld War, 1939-1945 _xSocial aspects. _994291 |
|
| 650 | 0 |
_aWorld War, 1939-1945 _xWar work. _994295 |
|
| 650 | 0 |
_aCity dwellers _zUnited States _xEffect of war on. _96422550 |
|
| 650 | 0 |
_aWorld War, 1939-1945 _zUnited States. _95674555 |
|
| 650 | 1 |
_aWorld War, 1939-1945 _zUnited States. _95674555 |
|
| 650 | 7 |
_aSocial aspects. _2fast _95801443 |
|
| 650 | 7 |
_aWar work. _2fast _95987519 |
|
| 650 | 7 |
_aDocumentary _vTelevision series. _2migfg _96422551 |
|
| 650 | 7 |
_aWorld War, 1939-1945 _xSocial aspects. _2sears _994291 |
|
| 650 | 7 |
_aCity dwellers _xEffects of war on. _2sears _96422553 |
|
| 650 | 7 |
_aWorld War, 1939-1945 _zUnited States. _2sears _95674555 |
|
| 650 | 8 |
_aWorld War, 1939-1945 _xSocial aspects. _994291 |
|
| 650 | 8 |
_aCity dwellers _xEffects of war on. _96422553 |
|
| 650 | 8 |
_aWorld War, 1939-1945 _zUnited States. _95674555 |
|
| 651 | 0 |
_aUnited States _xHistory _y1933-1945. _993216 |
|
| 651 | 7 |
_aUnited States. _2fast |
|
| 651 | 7 |
_aUnited States _xHistory _y1933-1945. _2sears _993216 |
|
| 651 | 7 |
_aWorld War, 1939-1945 _xWar work. _2sears _96422552 |
|
| 651 | 8 |
_aUnited States _xHistory _y1933-1945. _993216 |
|
| 651 | 8 |
_aWorld War, 1939-1945 _xWar work. _96422552 |
|
| 655 | 0 |
_aDocumentary _vTelevision series. _96422554 |
|
| 655 | 4 |
_aDocumentary _vTelevision series. _96422554 |
|
| 655 | 7 |
_aTelevision programs. _2fast |
|
| 655 | 7 |
_aVideo recordings for the hearing impaired. _2fast |
|
| 655 | 7 |
_aDocumentary television programs. _2fast |
|
| 655 | 7 |
_aHistory. _2fast _95675940 |
|
| 655 | 7 |
_aHistorical television programs. _2gsafd |
|
| 655 | 7 |
_aDocumentary television programs. _2lcgft _96422555 |
|
| 655 | 7 |
_aVideo recordings for the hearing impaired. _2lcgft _96422556 |
|
| 655 | 7 |
_aNonfiction television programs. _2lcgft _95674022 |
|
| 655 | 7 |
_aFeature films. _2lcgft |
|
| 655 | 7 |
_aDocumentary _vTelevision series. _2migfg _96422554 |
|
| 655 | 7 |
_aHistorical works (Nonfiction) _2mim _96422557 |
|
| 700 | 1 |
_aBotstein, Sarah, _d1972- _974614 |
|
| 700 | 1 |
_aWard, Geoffrey C. _919956 |
|
| 700 | 1 |
_aBurns, Ken, _d1953- _935455 |
|
| 700 | 1 |
_aNovick, Lynn. _940925 |
|
| 700 | 1 |
_aDavid, Keith. _928521 |
|
| 700 | 1 |
_aHanks, Tom. _929715 |
|
| 700 | 1 |
_aLucas, Josh. _967179 |
|
| 700 | 1 |
_aCannavale, Bobby. _954164 |
|
| 700 | 1 |
_aJackson, Samuel L. _962150 |
|
| 700 | 1 |
_aWallach, Eli, _d1915-2014. _96108827 |
|
| 700 | 1 |
_aArkin, Adam. _961702 |
|
| 700 | 1 |
_aConway, Kevin. _932741 |
|
| 700 | 1 |
_aHoltz, Rebecca. _974716 |
|
| 700 | 1 |
_aMcCormick, Carolyn. _970119 |
|
| 700 | 1 |
_aWahlberg, Robert, _d1967- _974717 |
|
| 700 | 1 |
_aSquires, Buddy. _942275 |
|
| 700 | 1 |
_aBarnes, Paul, _d1951- _95953371 |
|
| 700 | 1 |
_aEwers, Erik. _95828358 |
|
| 700 | 1 |
_aReidy, Tricia. _959198 |
|
| 700 | 1 |
_aMarsalis, Wynton, _d1961- _4cmp _919479 |
|
| 710 | 2 |
_aAmerican Lives II Film Project. _96422558 |
|
| 710 | 2 |
_aFlorentine Films. _916235 |
|
| 710 | 2 |
_aWETA-TV (Television station : Washington, D.C.) _93930 |
|
| 710 | 2 |
_aPBS Home Video. _960883 |
|
| 710 | 2 |
_aParamount Home Entertainment (Firm) _972161 |
|
| 773 | 0 | _tOKS Print | |
| 856 | 4 | 2 |
_3The Louis A. Duhring Fund Home Page _uhttp://hdl.library.upenn.edu/1017.12/366308 |
| 856 | 4 | 2 |
_3Additional resources _uhttp://www.pbs.org/thewar/ |
| 942 |
_2ddc _cDVDSERIES |
||
| 999 |
_c363108 _d363108 |
||